[Event "4NCL Division 2c"]
[Site "Birmingham, ENG"]
[Date "2016.05.02"]
[Round "11.211"]
[White "Stebbings, Anthony J"]
[Black "Hodgson, John H"]
[Result "1/2-1/2"]
[WhiteElo "2297"]
[BlackElo "2111"]
[PlyCount "43"]
[EventDate "2016.05.02"]
[WhiteTeam "KJCA Kings"]
[BlackTeam "Barbican 4NCL Youth"]

1. d4 Nf6 2. c4 g6 3. Nc3 d5 4. Nf3 Bg7 5. Bf4 O-O 6. Rc1 dxc4 7. e4 Bg4 8.
Bxc4 Nh5 9. Be3 Bxf3 10. gxf3 e5 11. dxe5 Bxe5 12. Qxd8 Rxd8 13. O-O Nd7 14.
Ne2 Bxb2 15. Rb1 Ne5 16. Rxb2 Nxc4 17. Rxb7 Nxe3 18. fxe3 Rd2 19. Nc3 c6 20.
Rc7 Rd3 21. Rxc6 Rxe3 22. Nd5 1/2-1/2

[Event "4NCL Division 2c"]
[Site "Birmingham, ENG"]
[Date "2016.05.02"]
[Round "11.212"]
[White "Coleman, David J"]
[Black "Golding, James"]
[Result "1-0"]
[WhiteElo "2164"]
[BlackElo "2095"]
[PlyCount "77"]
[EventDate "2016.05.02"]
[WhiteTeam "Barbican 4NCL Youth"]
[BlackTeam "KJCA Kings"]

1. e4 e5 2. Nf3 Nc6 3. d4 exd4 4. Bc4 Nf6 5. e5 d5 6. Bb5 Ne4 7. Nxd4 Bd7 8.
Bxc6 bxc6 9. O-O Bc5 10. f3 Ng5 11. f4 Ne4 12. Be3 Qe7 13. Nd2 Nxd2 14. Qxd2
O-O 15. Nb3 Bb6 16. Qc3 Bxe3+ 17. Qxe3 Qb4 18. c3 Qb6 19. Nc5 Bf5 20. Rf2 a5
21. Re1 Rfe8 22. Qd4 a4 23. b4 axb3 24. axb3 Ra5 25. b4 Ra3 26. g4 Bxg4 27. f5
h5 28. Kg2 Qa7 29. h3 Bxf5 30. Rxf5 Ra2+ 31. Rf2 Rxf2+ 32. Qxf2 Qa3 33. Qf3
Qb2+ 34. Re2 Qc1 35. Qxh5 Qxc3 36. e6 Re7 37. exf7+ Rxf7 38. Nd7 g6 39. Re8+
1-0

[Event "4NCL Division 2c"]
[Site "Birmingham, ENG"]
[Date "2016.05.02"]
[Round "11.213"]
[White "Ball, Laurence"]
[Black "Bhatia, Kanwal K"]
[Result "0-1"]
[WhiteElo "2093"]
[BlackElo "2082"]
[PlyCount "110"]
[EventDate "2016.05.02"]
[WhiteTeam "KJCA Kings"]
[BlackTeam "Barbican 4NCL Youth"]

1. d4 Nf6 2. Nf3 c5 3. e3 b6 4. b3 Bb7 5. Nbd2 g6 6. Bb2 Bg7 7. Bd3 O-O 8. O-O
d6 9. c4 Nbd7 10. d5 b5 11. Qc2 bxc4 12. bxc4 e5 13. e4 Qc7 14. Rfe1 Nb6 15.
Bc3 Bc8 16. a4 Nbd7 17. Nf1 Nb8 18. a5 Na6 19. Reb1 Bg4 20. N3d2 Rfb8 21. Ne3
Bd7 22. Qa2 Qd8 23. Rxb8 Rxb8 24. Rb1 Ng4 25. Nxg4 Bxg4 26. Rb2 Bh6 27. Qb1
Rxb2 28. Qxb2 Qb8 29. Qb5 Qc8 30. Qb2 Bg5 31. h3 Bd7 32. Nb1 Nc7 33. Na3 a6 34.
Nc2 Bf4 35. Bf1 Ne8 36. Ne1 f5 37. exf5 gxf5 38. Nd3 Bh6 39. Qe2 Nf6 40. f4 Ne4
41. Bb2 exf4 42. Qh5 Qf8 43. Qf3 Nd2 44. Qf2 f3 45. gxf3 Nxc4 46. Qg3+ Kf7 47.
Bc3 Ne3 48. Nf4 Nxf1 49. Kxf1 Qg8 50. Kf2 Bb5 51. Ne6 Be3+ 52. Kg2 Qxg3+ 53.
Kxg3 Bc4 54. Nf4 Bc1 55. h4 Ba3 0-1

[Event "4NCL Division 2c"]
[Site "Birmingham, ENG"]
[Date "2016.05.02"]
[Round "11.214"]
[White "Crocker, Philip J"]
[Black "Hand, Freddie"]
[Result "1/2-1/2"]
[WhiteElo "2136"]
[BlackElo "2000"]
[PlyCount "45"]
[EventDate "2016.05.02"]
[WhiteTeam "Barbican 4NCL Youth"]
[BlackTeam "KJCA Kings"]

1. c4 c6 2. g3 d5 3. Bg2 Nf6 4. Nf3 dxc4 5. O-O Nbd7 6. Na3 Nb6 7. Qc2 Be6 8.
Ng5 Bg4 9. f3 Bc8 10. Nxc4 Qd4+ 11. Ne3 h6 12. Ne4 Nxe4 13. fxe4 Be6 14. d3 h5
15. Kh1 g6 16. Bd2 Rh7 17. a4 Rc8 18. a5 Nd7 19. a6 b6 20. b4 Bh6 21. Nc4 Bxc4
22. Bc3 Qd6 23. dxc4 1/2-1/2

[Event "4NCL Division 2c"]
[Site "Birmingham, ENG"]
[Date "2016.05.02"]
[Round "11.215"]
[White "Lunn, Matthew"]
[Black "Brett, Andrew R"]
[Result "1/2-1/2"]
[WhiteElo "2051"]
[BlackElo "2108"]
[PlyCount "27"]
[EventDate "2016.05.02"]
[WhiteTeam "KJCA Kings"]
[BlackTeam "Barbican 4NCL Youth"]

1. d4 Nf6 2. c4 e6 3. Nc3 Bb4 4. Qc2 d5 5. cxd5 exd5 6. Bg5 h6 7. Bxf6 Qxf6 8.
a3 Bxc3+ 9. Qxc3 O-O 10. e3 c6 11. Nf3 Bf5 12. Bd3 Bxd3 13. Qxd3 Nd7 14. O-O
1/2-1/2

[Event "4NCL Division 2c"]
[Site "Birmingham, ENG"]
[Date "2016.05.02"]
[Round "11.216"]
[White "Stewart, Ashley"]
[Black "Anilkumar, Anantha P"]
[Result "1-0"]
[WhiteElo "2073"]
[BlackElo "1945"]
[PlyCount "81"]
[EventDate "2016.05.02"]
[WhiteTeam "Barbican 4NCL Youth"]
[BlackTeam "KJCA Kings"]

1. c4 c5 2. g3 g6 3. Bg2 Bg7 4. Nc3 Nc6 5. Nf3 e6 6. a3 Nge7 7. Rb1 O-O 8. b4
b6 9. O-O d6 10. Qb3 Bb7 11. Bb2 Qd7 12. e3 Rab8 13. d3 Ba8 14. Rfd1 d5 15. Ne2
d4 16. exd4 Nxd4 17. Nexd4 cxd4 18. Re1 Qd6 19. b5 Rfe8 20. a4 Nf5 21. Ba3 Qc7
22. Rbc1 Rbc8 23. Bb4 h5 24. Qa3 Qd7 25. h4 e5 26. Ng5 Bxg2 27. Kxg2 Bh6 28.
Bd2 Nxh4+ 29. gxh4 Qg4+ 30. Kf1 Qxh4 31. Re4 Qh1+ 32. Ke2 Qg2 33. Nf3 Bxd2 34.
Rg1 Qh3 35. Rg3 Qe6 36. Kxd2 Qf6 37. Ke2 Qg7 38. Kd1 f5 39. Re1 Qf6 40. Reg1
Kf7 41. Rxg6 1-0

[Event "4NCL Division 2c"]
[Site "Birmingham, ENG"]
[Date "2016.05.02"]
[Round "11.217"]
[White "Verma, Aditya"]
[Black "Klingher, Dominic"]
[Result "0-1"]
[WhiteElo "1915"]
[BlackElo "2020"]
[PlyCount "63"]
[EventDate "2016.05.02"]
[WhiteTeam "KJCA Kings"]
[BlackTeam "Barbican 4NCL Youth"]

1. e4 d6 2. d4 Nf6 3. Nc3 Nbd7 4. Nf3 e5 5. Bc4 h6 6. O-O Be7 7. h3 O-O 8. Re1
c6 9. Bb3 Qc7 10. Be3 Re8 11. d5 c5 12. Qd3 a6 13. a4 b6 14. Ne2 Nf8 15. Ng3 g5
16. h4 g4 17. Nh2 h5 18. Bg5 N6h7 19. Nxh5 Bxg5 20. hxg5 Qe7 21. Qe3 Ng6 22.
Nf1 Rf8 23. Nfg3 Qxg5 24. Qxg5 Nxg5 25. a5 b5 26. c4 Nf4 27. Nxf4 exf4 28. Nh5
f3 29. g3 Kh7 30. Nf4 Rh8 31. cxb5 Bd7 32. e5 {Scoe sheets unclear} 0-1

[Event "4NCL Division 2c"]
[Site "Birmingham, ENG"]
[Date "2016.05.02"]
[Round "11.218"]
[White "Keen, Cosima"]
[Black "Watson, Jacob"]
[Result "1-0"]
[WhiteElo "1930"]
[BlackElo "1652"]
[PlyCount "81"]
[EventDate "2016.05.02"]
[WhiteTeam "Barbican 4NCL Youth"]
[BlackTeam "KJCA Kings"]

1. d4 Nf6 2. Nf3 g6 3. Bf4 Bg7 4. e3 O-O 5. Be2 d6 6. h3 Nbd7 7. O-O c5 8. c4
b6 9. Nc3 Bb7 10. Bh2 Ne4 11. Nxe4 Bxe4 12. Qd2 Bb7 13. Rfe1 Nf6 14. Rad1 Ne4
15. Qc2 Qe8 16. d5 f5 17. Bd3 Bc8 18. Bxe4 fxe4 19. Ng5 b5 20. b3 bxc4 21. bxc4
Bd7 22. Rb1 e6 23. Bxd6 Rf5 24. Nxe4 exd5 25. Nxc5 Rf6 26. Nxd7 Rxd6 27. Nc5
Rc8 28. Nb7 Rdc6 29. c5 Qf7 30. Qd3 Rf8 31. Re2 Rc7 32. Qa6 Rb8 33. c6 Qe8 34.
Rc1 Qc8 35. Rec2 d4 36. Qc4+ Kh8 37. exd4 Bh6 38. Re1 Bf4 39. d5 Rbxb7 40. cxb7
Qxb7 41. Qxf4 1-0

[Event "4NCL Division 2c"]
[Site "Birmingham, ENG"]
[Date "2016.05.02"]
[Round "11.221"]
[White "Mayhew, Andrew"]
[Black "Cornette, Matthieu"]
[Result "0-1"]
[WhiteElo "2335"]
[BlackElo "2581"]
[PlyCount "100"]
[EventDate "2016.05.02"]
[WhiteTeam "Anglian Avengers 1"]
[BlackTeam "Celtic Tigers 1"]

1. d4 Nf6 2. c4 e6 3. Nc3 Bb4 4. e3 O-O 5. Nge2 c6 6. a3 Ba5 7. Ng3 d5 8. Be2
dxc4 9. Bxc4 c5 10. dxc5 Bxc3+ 11. bxc3 Qxd1+ 12. Kxd1 Bd7 13. Kc2 Rc8 14. e4
Ba4+ 15. Bb3 Bxb3+ 16. Kxb3 Na6 17. f3 Nxc5+ 18. Kc2 Na4 19. Ne2 Nd7 20. Rb1
Ndb6 21. Rd1 e5 22. Rb4 Rc6 23. Be3 a5 24. Rb5 Nc4 25. Bc1 Nc5 26. Rd5 b6 27.
Kb1 Ne6 28. Rd7 Nc7 29. Rb3 a4 30. Rb4 Na6 31. Rb5 Nc5 32. Rd1 f6 33. Ka2 Kf8
34. Ng3 Nd6 35. Rb1 Nb3 36. Bb2 Na5 37. Rd3 g6 38. Rbd1 Nac4 39. Bc1 Ra5 40.
Rd5 Ke7 41. Ne2 Rac5 42. Rxc5 Rxc5 43. g4 Rb5 44. g5 fxg5 45. Bxg5+ Ke6 46. Bc1
Rb3 47. Rd3 g5 48. Ka1 Nxa3 49. Bxg5 Nc2+ 50. Ka2 Nb4+ 0-1

[Event "4NCL Division 2c"]
[Site "Birmingham, ENG"]
[Date "2016.05.02"]
[Round "11.222"]
[White "Daulyte, Deimante"]
[Black "Spence, David J"]
[Result "1-0"]
[WhiteElo "2392"]
[BlackElo "2312"]
[PlyCount "61"]
[EventDate "2016.05.02"]
[WhiteTeam "Celtic Tigers 1"]
[BlackTeam "Anglian Avengers 1"]

1. e4 e6 2. d4 d5 3. Nd2 Nf6 4. e5 Nfd7 5. Bd3 c5 6. c3 Nc6 7. Ne2 cxd4 8. cxd4
f6 9. exf6 Nxf6 10. O-O Bd6 11. Nf3 Qc7 12. Nc3 a6 13. h3 O-O 14. Re1 Bd7 15.
Bd2 Rac8 16. Rc1 Qb8 17. a3 Rc7 18. b4 Be8 19. b5 axb5 20. Nxb5 Bf4 21. Ne5
Bxd2 22. Qxd2 Nxe5 23. dxe5 Nh5 24. Qg5 Rd7 25. g3 h6 26. Qg4 Bf7 27. Re2 Kh8
28. Nd6 Rxd6 29. exd6 Qxd6 30. Qb4 Qb8 31. Rc7 1-0

[Event "4NCL Division 2c"]
[Site "Birmingham, ENG"]
[Date "2016.05.02"]
[Round "11.223"]
[White "Talsma, Paul"]
[Black "Hoffmann, Hendrik"]
[Result "0-1"]
[WhiteElo "2237"]
[BlackElo "2284"]
[PlyCount "74"]
[EventDate "2016.05.02"]
[WhiteTeam "Anglian Avengers 1"]
[BlackTeam "Celtic Tigers 1"]

1. d4 d5 2. c4 c6 3. e3 Nf6 4. Bd3 e5 5. dxe5 dxc4 6. Be2 Qxd1+ 7. Bxd1 Ng4 8.
f4 Bb4+ 9. Ke2 Bf5 10. Nc3 Bd3+ 11. Kf3 h5 12. Nge2 Na6 13. Ng3 O-O-O 14. h3 h4
15. Nge4 Nh6 16. Nc5 Nxc5 17. e4 f5 18. exf6 gxf6 19. Be3 Nxe4 20. Bxa7 Nxc3
21. bxc3 Rhg8 22. Bf2 f5 23. Rg1 Be4+ 24. Ke2 Bxg2 25. Bc2 Rge8+ 26. Be3 Bxh3
27. Rg6 Nf7 28. Kf2 Nd6 29. Rh1 Bg4 30. Rxh4 Nb5 31. Rg7 Rh8 32. Rxh8 Rxh8 33.
Kg2 Re8 34. Kf2 Rh8 35. Kg2 Re8 36. Kf2 Nxc3 37. a4 Nd5 0-1

[Event "4NCL Division 2c"]
[Site "Birmingham, ENG"]
[Date "2016.05.02"]
[Round "11.224"]
[White "Maciol, Ryszard"]
[Black "Player, Edmund C"]
[Result "0-1"]
[WhiteElo "2174"]
[BlackElo "2223"]
[PlyCount "126"]
[EventDate "2016.05.02"]
[WhiteTeam "Celtic Tigers 1"]
[BlackTeam "Anglian Avengers 1"]

1. d4 d5 2. c4 dxc4 3. e3 e5 4. Bxc4 exd4 5. exd4 Nf6 6. Nf3 Be7 7. Ne5 O-O 8.
O-O Nc6 9. Nxc6 bxc6 10. Nc3 Bf5 11. Bf4 Qd7 12. Rc1 Rad8 13. Ne2 Nd5 14. Bg3
Bg5 15. Ra1 Rfe8 16. h4 Bf6 17. Qd2 Nb6 18. Bb3 c5 19. Rac1 c4 20. Bc2 c5 21.
Bxf5 Qxf5 22. Bc7 Rd7 23. Bxb6 axb6 24. Rxc4 Qe6 25. Rc2 Qxa2 26. Re1 Qa8 27.
Nf4 Rxd4 28. Rxe8+ Qxe8 29. Qe2 Qxe2 30. Rxe2 g6 31. g3 Rd1+ 32. Kg2 Kg7 33.
Kf3 Rb1 34. Nd5 Rxb2 35. Rxb2 Bxb2 36. Nxb6 f5 37. g4 fxg4+ 38. Kxg4 Bd4 39. f4
h5+ 40. Kf3 Kf6 41. Ke4 Ke6 42. Nc4 Bf6 43. Ne3 Bxh4 44. f5+ gxf5+ 45. Nxf5 Bf6
46. Ne3 h4 47. Kf4 Be5+ 48. Kg4 Bg3 49. Kf3 Ke5 50. Nc4+ Kd4 51. Nd2 Kd3 52.
Ne4 c4 53. Nc5+ Kd4 54. Na4 Bc7 55. Kg4 Bd8 56. Kf3 Be7 57. Kg4 Ke4 58. Kh3 Bf6
59. Nc5+ Kf3 60. Na4 Ke4 61. Nc5+ Ke3 62. Na4 Bd4 63. Kxh4 Kd3 0-1

[Event "4NCL Division 2c"]
[Site "Birmingham, ENG"]
[Date "2016.05.02"]
[Round "11.225"]
[White "Lindner, Daniel"]
[Black "Pedersen, Carsten"]
[Result "1-0"]
[WhiteElo "2210"]
[BlackElo "2144"]
[PlyCount "69"]
[EventDate "2016.05.02"]
[WhiteTeam "Anglian Avengers 1"]
[BlackTeam "Celtic Tigers 1"]

1. c4 e5 2. g3 Nc6 3. Nc3 g6 4. Bg2 Bg7 5. e4 d6 6. Nge2 f5 7. d3 Nf6 8. O-O
O-O 9. Nd5 Ne7 10. Nxf6+ Bxf6 11. Bh6 Bg7 12. Bxg7 Kxg7 13. Qd2 c5 14. a3 fxe4
15. Bxe4 Nc6 16. b4 Nd4 17. Nxd4 cxd4 18. f4 Bh3 19. Bg2 Bxg2 20. Qxg2 Qc7 21.
fxe5 dxe5 22. Qe4 Rae8 23. Rxf8 Rxf8 24. Re1 Re8 25. Qd5 h5 26. c5 Kh6 27. h4
g5 28. hxg5+ Kxg5 29. b5 Kh6 30. Kg2 Qg7 31. Rf1 h4 32. Rf3 h3+ 33. Kxh3 Kg5
34. Qe4 Rh8+ 35. Kg2 1-0

[Event "4NCL Division 2c"]
[Site "Birmingham, ENG"]
[Date "2016.05.02"]
[Round "11.226"]
[White "Stevenson, James"]
[Black "Bayford, Jim R"]
[Result "0-1"]
[WhiteElo "2068"]
[BlackElo "2132"]
[PlyCount "72"]
[EventDate "2016.05.02"]
[WhiteTeam "Celtic Tigers 1"]
[BlackTeam "Anglian Avengers 1"]

1. Nf3 Nf6 2. c4 g6 3. Nc3 Bg7 4. g3 O-O 5. Bg2 d6 6. d4 Nc6 7. O-O e5 8. d5
Ne7 9. c5 Ne8 10. cxd6 cxd6 11. e4 h6 12. Nd2 f5 13. f3 f4 14. Nc4 g5 15. a4
Ng6 16. b3 Rf7 17. Ba3 Bf8 18. Rc1 h5 19. Rc2 Rg7 20. Qc1 g4 21. Ne2 gxf3 22.
Rxf3 Bg4 23. Rf2 h4 24. gxh4 Bxe2 25. Rcxe2 Nxh4 26. Rxf4 exf4 27. Kh1 Be7 28.
Bh3 Nc7 29. Qxf4 Qf8 30. Qe3 Bg5 31. Qd4 Qf3+ 32. Rg2 Qxh3 33. Rf2 Rf8 34.
Rxf8+ Kxf8 35. Bxd6+ Kg8 36. Qf2 Rf7 0-1

[Event "4NCL Division 2c"]
[Site "Birmingham, ENG"]
[Date "2016.05.02"]
[Round "11.227"]
[White "Gregory, Stephen J"]
[Black "Way, Julian M"]
[Result "0-1"]
[WhiteElo "2117"]
[BlackElo "2005"]
[PlyCount "38"]
[EventDate "2016.05.02"]
[WhiteTeam "Anglian Avengers 1"]
[BlackTeam "Celtic Tigers 1"]

1. e4 d6 2. d4 Nf6 3. Nc3 e5 4. Nf3 Nbd7 5. Be2 Be7 6. h3 O-O 7. Be3 Re8 8. Qd2
Bf8 9. d5 c6 10. dxc6 bxc6 11. g4 d5 12. exd5 cxd5 13. Nxd5 Bb7 14. Nxf6+ Qxf6
15. g5 Qc6 16. Rg1 Nc5 17. O-O-O Rac8 18. c3 Qa4 19. Kb1 Be4+ 0-1

[Event "4NCL Division 2c"]
[Site "Birmingham, ENG"]
[Date "2016.05.02"]
[Round "11.228"]
[White "Skulte, Christopher"]
[Black "Cocks, Elliot"]
[Result "1-0"]
[WhiteElo "2011"]
[BlackElo "1892"]
[PlyCount "53"]
[EventDate "2016.05.02"]
[WhiteTeam "Celtic Tigers 1"]
[BlackTeam "Anglian Avengers 1"]

1. e4 c5 2. Nf3 d6 3. Nc3 Nc6 4. d4 cxd4 5. Nxd4 Nf6 6. Bc4 e5 7. Nf3 Be6 8.
Bb3 Be7 9. Bg5 a6 10. O-O b5 11. Bxf6 Bxf6 12. Nd5 Be7 13. Qd3 Ra7 14. Rfd1 Rd7
15. a4 Qb8 16. axb5 axb5 17. Ra6 Na7 18. Nxe7 Rxe7 19. Rxd6 O-O 20. Bxe6 Rxe6
21. Rxe6 fxe6 22. Qd7 Qb6 23. Rd6 Qa5 24. Qxe6+ Kh8 25. h3 Qa1+ 26. Kh2 Qxb2
27. Nxe5 1-0

[Event "4NCL Division 2c"]
[Site "Birmingham, ENG"]
[Date "2016.05.02"]
[Round "11.231"]
[White "Russell, Christopher"]
[Black "Snuverink, Jochem"]
[Result "1/2-1/2"]
[WhiteElo "2122"]
[BlackElo "2399"]
[PlyCount "101"]
[EventDate "2016.05.02"]
[WhiteTeam "Downend & Fishponds"]
[BlackTeam "Kings Head"]

1. e4 c5 2. c3 Nf6 3. e5 Nd5 4. d4 cxd4 5. Nf3 Nc6 6. Bc4 e6 7. cxd4 d6 8. O-O
Be7 9. Qe2 O-O 10. Nc3 dxe5 11. dxe5 Nxc3 12. bxc3 Qa5 13. Bd2 Rd8 14. Rfe1 b6
15. Rab1 Bb7 16. Nd4 Nxd4 17. cxd4 Qa4 18. Be3 Rac8 19. Rbc1 Ba3 20. Bb5 Qb4
21. Rb1 Qe7 22. Qg4 Qf8 23. Bd3 Rc3 24. Red1 Rdc8 25. Rb3 Bd5 26. Rxc3 Rxc3 27.
Bb1 f5 28. exf6 Qxf6 29. Qg3 Qd8 30. h4 Be7 31. h5 Bf6 32. h6 Qc7 33. Qh3 gxh6
34. Qxh6 Qg7 35. Qxg7+ Kxg7 36. Kf1 b5 37. Ke2 Ra3 38. Rh1 Bxa2 39. Rxh7+ Kg8
40. Bg6 Bc4+ 41. Kd2 Bg7 42. Rh5 Bd5 43. Rh4 Ra2+ 44. Kc1 Ra1+ 45. Kb2 Ra4 46.
Bh7+ Kf7 47. Rf4+ Ke7 48. Bg8 Bf6 49. g4 Bh8 50. Rf7+ Kd6 51. g5 1/2-1/2

[Event "4NCL Division 2c"]
[Site "Birmingham, ENG"]
[Date "2016.05.02"]
[Round "11.232"]
[White "McMichael, Richard J"]
[Black "Garcia-Ruiz Fuentes, Aitor"]
[Result "1/2-1/2"]
[WhiteElo "2224"]
[BlackElo "2039"]
[PlyCount "53"]
[EventDate "2016.05.02"]
[WhiteTeam "Kings Head"]
[BlackTeam "Downend & Fishponds"]

1. b3 d5 2. Bb2 c5 3. e3 Nc6 4. f4 e6 5. Nf3 f6 6. Bb5 Bd6 7. Bxc6+ bxc6 8. Qe2
Ne7 9. O-O O-O 10. d3 Ng6 11. Nbd2 Bd7 12. g3 e5 13. Kh1 exf4 14. exf4 Re8 15.
Qf2 Qb6 16. a4 Nf8 17. Ba3 Bh3 18. Rfe1 Nd7 19. Re2 Be6 20. Rae1 Bf7 21. Nh4
Rxe2 22. Rxe2 Bf8 23. Nf5 c4 24. Bxf8 Qxf2 25. Rxf2 Kxf8 26. dxc4 dxc4 27. Ne3
1/2-1/2

[Event "4NCL Division 2c"]
[Site "Birmingham, ENG"]
[Date "2016.05.02"]
[Round "11.233"]
[White "Savory, Richard J"]
[Black "Kwiatkowski, Feliks J"]
[Result "1-0"]
[WhiteElo "2081"]
[BlackElo "2226"]
[PlyCount "51"]
[EventDate "2016.05.02"]
[WhiteTeam "Downend & Fishponds"]
[BlackTeam "Kings Head"]

1. e4 c5 2. Nf3 Nc6 3. Bb5 d6 4. O-O Bd7 5. Re1 Nf6 6. h3 e6 7. c3 d5 8. exd5
Nxd5 9. d4 cxd4 10. Bxc6 bxc6 11. Qxd4 Qf6 12. Ne5 Bd6 13. c4 c5 14. Qe4 Qxe5
15. Qxe5 Bxe5 16. Rxe5 Nb4 17. Nc3 Nd3 18. Re3 Nb4 19. Rg3 g6 20. Ne4 Bc6 21.
Nxc5 Rc8 22. Bg5 Bxg2 23. Bf6 Rg8 24. Kxg2 Rxc5 25. Rd1 Rc8 26. Rg5 1-0

[Event "4NCL Division 2c"]
[Site "Birmingham, ENG"]
[Date "2016.05.02"]
[Round "11.234"]
[White "Okike, David"]
[Black "Martin, Peter"]
[Result "1-0"]
[WhiteElo "2201"]
[BlackElo "2096"]
[PlyCount "75"]
[EventDate "2016.05.02"]
[WhiteTeam "Kings Head"]
[BlackTeam "Downend & Fishponds"]

1. e4 c5 2. Nf3 g6 3. c4 Bg7 4. d4 cxd4 5. Nxd4 Nc6 6. Be3 d6 7. Be2 Nf6 8. Nc3
Bd7 9. O-O O-O 10. Rc1 Nxd4 11. Bxd4 Bc6 12. Bd3 a5 13. Qd2 Nd7 14. Bxg7 Kxg7
15. Kh1 Nc5 16. f4 Qd7 17. f5 Rab8 18. Rf3 Nxd3 19. Rxd3 b5 20. cxb5 Bxb5 21.
Rh3 Rh8 22. Qh6+ Kg8 23. Nd5 Qd8 24. Rhc3 Bd7 25. Rc7 f6 26. Qd2 Kf7 27. b3 Re8
28. Qh6 Rh8 29. Nf4 gxf5 30. Qh5+ Kg7 31. exf5 Rb4 32. Rxd7 Qxd7 33. Ne6+ Qxe6
34. fxe6 Re4 35. Qf7+ Kh6 36. Qxe7 Rc8 37. Qxf6+ Kh5 38. g4+ 1-0

[Event "4NCL Division 2c"]
[Site "Birmingham, ENG"]
[Date "2016.05.02"]
[Round "11.235"]
[White "Dilleigh, Stephen P"]
[Black "Davey, Mark"]
[Result "0-1"]
[WhiteElo "2074"]
[BlackElo "2048"]
[PlyCount "128"]
[EventDate "2016.05.02"]
[WhiteTeam "Downend & Fishponds"]
[BlackTeam "Kings Head"]

1. Nf3 d5 2. d4 e6 3. c4 c6 4. Nbd2 f5 5. g3 Nf6 6. Bg2 Bd6 7. O-O O-O 8. Ne1
Ng4 9. Nd3 Qe8 10. h3 Nf6 11. c5 Bc7 12. Nf3 Nbd7 13. Bf4 Bxf4 14. gxf4 Ne4 15.
Nde5 b6 16. b4 Ba6 17. Qc2 Ndf6 18. Rfc1 bxc5 19. bxc5 Qc8 20. Rab1 Qc7 21. Rb2
Rfb8 22. Rcb1 Rxb2 23. Rxb2 Rc8 24. Qa4 Bb5 25. Qb4 a5 26. Qb3 a4 27. Qb4 Kh8
28. e3 Nd7 29. Nxd7 Qxd7 30. Bf1 Rb8 31. Qxa4 g5 32. Qd1 gxf4 33. Bxb5 Qg7+ 34.
Kh2 fxe3 35. Qg1 Qc7+ 36. Ne5 exf2 37. Rxf2 Nxf2 38. Qxf2 Rxb5 39. Qh4 Rb2+ 40.
Kh1 Rb1+ 41. Kh2 Rb7 42. Qf6+ Qg7 43. Qd8+ Qg8 44. Qf6+ Rg7 45. a4 Qe8 46. a5
Qe7 47. Qxe7 Rxe7 48. Nxc6 Rc7 49. Ne5 Kg7 50. Kg3 Ra7 51. Kf4 Rxa5 52. c6 Ra7
53. Kg5 Rc7 54. h4 Ra7 55. Nd7 Rc7 56. Ne5 Rc8 57. Kf4 h6 58. Ke3 Kf6 59. Kf4
Ke7 60. Kg3 Rc7 61. Kf4 Kd6 62. h5 Rxc6 63. Nf7+ Ke7 64. Nxh6 Kf8 0-1

[Event "4NCL Division 2c"]
[Site "Birmingham, ENG"]
[Date "2016.05.02"]
[Round "11.236"]
[White "Mackenzie, Colin"]
[Black "Humphreys, Jerry G"]
[Result "1/2-1/2"]
[WhiteElo "2060"]
[BlackElo "1997"]
[PlyCount "37"]
[EventDate "2016.05.02"]
[WhiteTeam "Kings Head"]
[BlackTeam "Downend & Fishponds"]

1. c4 Nf6 2. g3 c5 3. Bg2 e6 4. Nf3 d5 5. cxd5 Nxd5 6. Nc3 Nc6 7. O-O Be7 8.
Nxd5 Qxd5 9. d3 O-O 10. Bf4 Qd8 11. Rc1 Bd7 12. Be3 Qa5 13. a3 Rac8 14. Nd2 b6
15. Nc4 Qa6 16. Bf4 Nd4 17. b3 Bc6 18. Bh3 Rfd8 19. Be5 1/2-1/2

[Event "4NCL Division 2c"]
[Site "Birmingham, ENG"]
[Date "2016.05.02"]
[Round "11.237"]
[White "French, Max"]
[Black "Disu, Kayode"]
[Result "0-1"]
[WhiteElo "1930"]
[BlackElo "1953"]
[PlyCount "40"]
[EventDate "2016.05.02"]
[WhiteTeam "Downend & Fishponds"]
[BlackTeam "Kings Head"]

1. d4 Nf6 2. c4 e6 3. Nf3 Bb4+ 4. Bd2 Qe7 5. g3 Nc6 6. Nc3 b6 7. Bg2 Na5 8. Nb5
Bxd2+ 9. Nxd2 d5 10. O-O c6 11. Nc3 Ba6 12. Qa4 O-O 13. cxd5 cxd5 14. Nf3 Rac8
15. Rac1 Rc4 16. Qd1 Qb4 17. Qd2 Rfc8 18. Rfd1 Ne4 19. Nxe4 Qxd2 20. Nexd2 Rxc1
0-1

[Event "4NCL Division 2c"]
[Site "Birmingham, ENG"]
[Date "2016.05.02"]
[Round "11.238"]
[White "Zhang, Harvey Y"]
[Black "Meadows, Michael"]
[Result "0-1"]
[WhiteElo "1715"]
[BlackElo "1975"]
[PlyCount "54"]
[EventDate "2016.05.02"]
[WhiteTeam "Kings Head"]
[BlackTeam "Downend & Fishponds"]

1. d4 e6 2. Nf3 f5 3. Bf4 Nf6 4. e3 Be7 5. Be2 O-O 6. O-O b6 7. Ne5 d6 8. Nd3
Bb7 9. Bf3 Ne4 10. h3 Nd7 11. c3 Bf6 12. Qb3 Qe8 13. Bh2 Qf7 14. Bxe4 Bxe4 15.
Nb4 a5 16. d5 Nc5 17. dxe6 Qxe6 18. Qxe6+ Nxe6 19. f3 Bxb1 20. Nd5 Bd3 21. Rfd1
Bc4 22. Nxb6 cxb6 23. Rxd6 Be7 24. Rxb6 Bc5 25. Rc6 Bd5 26. Rxc5 Nxc5 27. Bd6
Rfc8 0-1

[Event "4NCL Division 2c"]
[Site "Birmingham, ENG"]
[Date "2016.05.02"]
[Round "11.241"]
[White "Walker, David J"]
[Black "Cumbers, Paul"]
[Result "1-0"]
[WhiteElo "2299"]
[BlackElo "2173"]
[PlyCount "81"]
[EventDate "2016.05.02"]
[WhiteTeam "North East England"]
[BlackTeam "Grantham Sharks 2"]

1. c4 e5 2. g3 Nc6 3. Nc3 g6 4. Bg2 Bg7 5. e4 d6 6. Nge2 f5 7. d3 Nh6 8. h4 Nf7
9. Be3 O-O 10. Qd2 h6 11. f4 Nd4 12. Bf2 c6 13. Nxd4 exd4 14. Ne2 Qb6 15. O-O
h5 16. b4 Rb8 17. c5 dxc5 18. bxc5 Qxc5 19. e5 Qe7 20. Nxd4 Nd8 21. Nb3 b6 22.
Rac1 Bb7 23. d4 Qd7 24. Rc3 Rf7 25. d5 cxd5 26. Rd3 Ne6 27. Bxd5 Bxd5 28. Rxd5
Qe8 29. Rd1 Rbb7 30. Nd4 Nxd4 31. Qxd4 Bf8 32. Rd8 Qe6 33. Qa4 b5 34. Qb3 Qxb3
35. axb3 Rbe7 36. Bc5 Re6 37. Ra8 Kg7 38. Bxf8+ Rxf8 39. Rxa7+ Rf7 40. Rdd7
Rxd7 41. Rxd7+ 1-0

[Event "4NCL Division 2c"]
[Site "Birmingham, ENG"]
[Date "2016.05.02"]
[Round "11.242"]
[White "Murphy, Hugh W"]
[Black "Dunn, Andrew"]
[Result "1-0"]
[WhiteElo "2109"]
[BlackElo "2245"]
[PlyCount "93"]
[EventDate "2016.05.02"]
[WhiteTeam "Grantham Sharks 2"]
[BlackTeam "North East England"]

1. d4 d5 2. Nf3 Nf6 3. e3 c5 4. dxc5 e6 5. c4 Bxc5 6. a3 O-O 7. cxd5 Qxd5 8.
Qc2 e5 9. Nc3 Qd6 10. b4 Bb6 11. Bb2 Nc6 12. Rd1 Qe7 13. Bd3 h6 14. Ne4 Bg4 15.
b5 Ba5+ 16. Kf1 Nxe4 17. Bxe4 Nd8 18. h3 Bxf3 19. gxf3 Ne6 20. Rg1 Ng5 21. Bd5
Rfc8 22. Qd3 Rd8 23. Qf5 Bc7 24. f4 Ne6 25. Bxe5 Bxe5 26. Qxe5 Qc5 27. f5 Qc2
28. Kg2 Ng5 29. h4 Re8 30. Qd4 Ne4 31. Bxe4 Qxe4+ 32. Qxe4 Rxe4 33. Rd4 Rxd4
34. exd4 Rd8 35. Rd1 Rd5 36. a4 Rxf5 37. d5 Kf8 38. d6 Ke8 39. Re1+ Kd7 40.
Re7+ Kxd6 41. Rxb7 g5 42. hxg5 Rxg5+ 43. Kf3 Rf5+ 44. Kg3 Rg5+ 45. Kf4 f5 46.
Rxa7 Rg2 47. Kf3 1-0

[Event "4NCL Division 2c"]
[Site "Birmingham, ENG"]
[Date "2016.05.02"]
[Round "11.244"]
[White "Varnam, Liam D"]
[Black "Henderson, David"]
[Result "0-1"]
[WhiteElo "2139"]
[BlackElo "2132"]
[PlyCount "70"]
[EventDate "2016.05.02"]
[WhiteTeam "Grantham Sharks 2"]
[BlackTeam "North East England"]

1. c4 b6 2. Nc3 Bb7 3. e4 e6 4. g3 f5 5. d3 Nf6 6. Bg2 Bb4 7. Bd2 O-O 8. f3 Nc6
9. Nge2 Ne5 10. Bf4 Ng6 11. Be3 d5 12. cxd5 exd5 13. exf5 Ne7 14. g4 Re8 15.
Kf2 Qd7 16. h4 c5 17. d4 Nc6 18. a3 cxd4 19. Bxd4 Bc5 20. Bxc5 bxc5 21. g5 Nh5
22. Qxd5+ Qxd5 23. Nxd5 Rxe2+ 24. Kxe2 Nd4+ 25. Kf2 Bxd5 26. f4 Bxg2 27. Kxg2
Nxf4+ 28. Kg3 Nd3 29. b4 c4 30. f6 gxf6 31. gxf6 Kf7 32. Rhf1 Re8 33. Ra2 Re3+
34. Kg2 c3 35. Raa1 c2 0-1